00443 2200169 4500001002100000005001500021035001900036245005900055100001800114300003600132260004600168082000700214084001300221022001200234863001400246990001300260INLIS00000000000291320260401091426$a 0010-0426000004$a Lapisan Es dan Pengaruhnya Pada Bumi /$c Bhakti Karyono$a Bhakti Karyono$a 90 hlm : $b ilus ; $c 15 x 23 cm$a Jakarta :$b PT Kuark Internasional,$c 2026$a 050$a 050 BHA l$a 16939964$a Maret 2026$a MK09/2026